| 000 | 00715cam a2200205 4500 | ||
|---|---|---|---|
| 001 | WB3704-29 | ||
| 008 | 000000n2001 000 0 eng u | ||
| 035 | _a(Sirsi) u110476 | ||
| 245 | _aDome deadline stirs debate | ||
| 260 | _c2001 | ||
| 490 |
_aFinancial Times _v 19 January 2001, 24(1) |
||
| 520 | _aDiscusses the nature of the possible redevelopment of the Dome site. There is concern that the plan presented by Legacy contains significant 'development risk' and that, rather than be too profitable, it may not be commercially viable. | ||
| 590 | _aWB | ||
| 650 | _aREDEVELOPMENT | ||
| 650 | _aMILLENNIUM DOME | ||
| 650 | _aGREENWICH | ||
| 650 | _aVIABILITY | ||
| 690 | _aREGENERATION | ||
| 942 | _n0 | ||
| 999 |
_c65865 _d65865 |
||